| 000 | 00450nam a2200157Ia 4500 | ||
|---|---|---|---|
| 008 | 230917s9999||||xx |||||||||||||| ||und|| | ||
| 040 |
_e44094 _aMAIN |
||
| 041 | _aEnglish | ||
| 082 | _a297.122 R543S | ||
| 100 | _aRoberts, Robert | ||
| 245 | 4 | _aThe social laws of the qaran : considered and compared with those of the hebrow and other ancient codes | |
| 250 | _a4th ed. | ||
| 260 |
_aLondon _bCurzon _c1977 |
||
| 300 | _ax, 126 p. | ||
| 942 | _cBK | ||
| 999 |
_c182940 _d182940 |
||